书目信息 |
| 题名: |
瓶内片言
|
|
| 作者: | 刘火 著 | |
| 分册: | ||
| 出版信息: | 沈阳 万卷出版公司 2020.6 |
|
| 页数: | 343页 | |
| 开本: | 15cm | |
| 丛书名: | ||
| 单 册: | ||
| 中图分类: | I207.419 | |
| 科图分类: | ||
| 主题词: | 《金瓶梅》--jin ping mei--小说研究 | |
| 电子资源: | ||
| ISBN: | 978-7-5470-5350-8 | |
| 000 | 01112nam0 2200241 450 | |
| 001 | 2153146988 | |
| 005 | 20211018173724.0 | |
| 010 | @a978-7-5470-5350-8@dCNY52.00 | |
| 100 | @a20200617d2020 em y0chiy0110 ea | |
| 101 | 0 | @achi |
| 102 | @aCN@b210000 | |
| 105 | @ay z 000yy | |
| 106 | @ar | |
| 200 | 1 | @a瓶内片言@Aping nei pian yan@f刘火著 |
| 210 | @a沈阳@c万卷出版公司@d2020.6 | |
| 215 | @a343页@d15cm | |
| 300 | @a刘火说《金瓶梅》 | |
| 330 | @a本书由作者评点明代古典文学名著《金瓶梅》的文章组成。全书共25万字,分为两部分。第一部分为作者对于金瓶梅涉及的古代名物进行介绍和解释,分为 “《金瓶梅》里的财富与财政”“《金瓶梅》中的古代服饰”“《金瓶梅》:第一部美食百科全书”“酥油泡螺”的别义”等章节;第二部分为作者对金瓶梅中西门庆、潘金莲、李瓶儿等人物的品评和解读。作者刘火搜捡史料,比对版本,精心创作,对《金瓶梅》进行细致入微的研究与阐释。本书拟纳入万卷大家说书系。精心编校排版,配置精美插图,提升阅读体验和书籍价值。 | |
| 606 | 0 | @a《金瓶梅》@Ajin ping mei@x小说研究 |
| 690 | @aI207.419@v5 | |
| 701 | 0 | @a刘火@Aliu huo@4著 |
| 801 | 0 | @aCN@b百万庄@c20211018 |
| 905 | @b1311264-67@dI207.419@e1029@f4 | |
| 瓶内片言/刘火著.-沈阳:万卷出版公司,2020.6 |
| 343页;15cm |
| 刘火说《金瓶梅》 |
| ISBN 978-7-5470-5350-8:CNY52.00 |
| 本书由作者评点明代古典文学名著《金瓶梅》的文章组成。全书共25万字,分为两部分。第一部分为作者对于金瓶梅涉及的古代名物进行介绍和解释,分为 “《金瓶梅》里的财富与财政”“《金瓶梅》中的古代服饰”“《金瓶梅》:第一部美食百科全书”“酥油泡螺”的别义”等章节;第二部分为作者对金瓶梅中西门庆、潘金莲、李瓶儿等人物的品评和解读。作者刘火搜捡史料,比对版本,精心创作,对《金瓶梅》进行细致入微的研究与阐释。本书拟纳入万卷大家说书系。精心编校排版,配置精美插图,提升阅读体验和书籍价值。 |
| ● |
| 相关链接 |
|
|
|
|
正题名:瓶内片言
索取号:I207.419/1029
 
预约/预借
| 序号 | 登录号 | 条形码 | 馆藏地/架位号 | 状态 | 备注 |
| 1 | 1311264 | 213112647 | 第一样本阅览室/ [索取号:I207.419/1029] | 在馆 | |
| 2 | 1311265 | 213112656 | 第二借阅区/ [索取号:I207.419/1029] | 在馆 | |
| 3 | 1311266 | 213112665 | 第二借阅区/ [索取号:I207.419/1029] | 在馆 | |
| 4 | 1311267 | 213112674 | 第二借阅区/ [索取号:I207.419/1029] | 在馆 |